Metódy predvídania bankrotu založené na finančných ukazovateľoch

Na analýze finančných ukazovateľov podniku sú založené metódy umožňujúce predvídať bankrot. Predvídanie bankrotu podľa metódy W. Beavera. Altmanov ukazovateľ. Porovnanie Altmanovej a Beaverovej metódy.

Salvato in:
Dettagli Bibliografici
Autore principale: Csikósová, Adriana
Altri autori: Szombathyová, Edita
Natura: Capitolo di libro
Lingua:slovacco
Soggetti:
Tags: Aggiungi Tag
Nessun Tag, puoi essere il primo ad aggiungerne!!

MARC

LEADER 00000naa a2200000 4500
001 r027621
005 20230922084926.0
041 0 |a slo 
044 |a CZ 
245 1 0 |a Metódy predvídania bankrotu založené na finančných ukazovateľoch  |c A. Csikósová, E. Szombathyová 
520 |a Na analýze finančných ukazovateľov podniku sú založené metódy umožňujúce predvídať bankrot. Predvídanie bankrotu podľa metódy W. Beavera. Altmanov ukazovateľ. Porovnanie Altmanovej a Beaverovej metódy. 
610 2 0 |a metóda Altmanova 
610 2 0 |a Beaver, W.H. 
610 2 0 |a bankrot 
610 2 0 |a ukazovatele finančné 
610 2 0 |a ukazovatele hodnotové 
610 2 0 |a analýza finančná 
100 1 |a Csikósová, Adriana 
700 1 |a Szombathyová, Edita